LEADER 01693nam a2200325 4500 001 000000349212 003 CaOOAMICUS 005 20220228104228.0 008 220124s2021 it a 000 u ita r 020 $a978-88-99515-55-3 040 $aSeMil$bita 110 2 $aConferenza Episcopale Italiana.$0(OLS)http://semarc/name/95789 245 10$aCustodire le nostre terre :$bsalute, ambiente, lavoro /$cConferenza Episcopale Italiana ; a cura di Massimo Angelelli. 264 1$aSavona :$bRomani,$c2021. 300 $a94 p. :$bill. ; $c24 cm 490 1 $aLe domande di senso ;$v12 500 $aIn testa al front.: Conferenza Episcopale per il servizio della caritą e la salute. Commissione Episcopale per i problemi sociali e il lavoro, la giustizia e la pace. Ufficio Nazionale per la pastorale della salute. Ufficio Nazionale per i problemi sociali e il lavoro. Caritas italiana 541 0 $aOmaggio mons. Mario Delpini (3X IV 176) 650 4$aPovertą e ambiente.$0(OLS)http://semarc/subject/51570 650 4$aAmbiente e salute.$0(OLS)http://semarc/subject/19504 700 1 $aAngelelli, Massimo,$c.$0(OLS)http://semarc/name/115340 830 3$aLe domande di senso ;$v12.$0(OLS)http://semarc/title/432453 850 $aSeMil 852 $aSeMil$W1$xVenegono$y1$m3X IV 176$j231909$B240273$CSeMilBibl$Z2$F240273 $81 941 1 $a7 961 $aOmaggio mons. Mario Delpini 996 $6020$a978-88-99515-55-3$9(OLS)http://semarc/number/295125 996 $6245$aCustodire le nostre terre :$bsalute, ambiente, lavoro$9(OLS)http://semarc/title/438748 996 $6264$aSavona :$bRomani$9(OLS)http://semarc/publisher/60285 LEADER 01509nam a2200313 i 4500 001 000000201704 003 CaOOAMICUS 005 20110504000000.0 008 110504s2011 it u000 u ita u 013 $a180410 020 $a978-88-315-3970-8 040 $aSeMil$bita 100 1 $aAlcamo, Giuseppe ,$d<1958- >.$0(OLS)http://semarc/name/59424 245 10$aAssociazioni e movimenti ecclesiali :$bformazione, catechesi e dinamiche educative /$cGiuseppe Alcamo ; prefazione di Mariano Crociata. 260 $aMilano :$bPaoline,$c2011. 300 $a276 p. ;$c22 cm. 490 0 $aSaggistica Paoline ;$v45 650 4$aChiesa - Italia - Movimenti.$0(OLS)http://semarc/subject/7905 650 4$aMovimenti ecclesiali.$0(OLS)http://semarc/subject/5550 650 4$aMovimenti ecclesiali - Storia.$0(OLS)http://semarc/subject/18365 650 4$aChiesa - Italia - Associazioni.$0(OLS)http://semarc/subject/37881 700 1 $aCrociata, Mariano,$d<1953- >.$0(OLS)http://semarc/name/26028 830 0$aSaggistica Paoline ;$v45.$0(OLS)http://semarc/title/10059 850 $aSeMil 852 $aSeMil$W1$xVenegono$y1$m3A V 104$j152230$B152230$CSeMilBibl$Z2$F164713 $81 961 $aAcquisto: Cittą Aperta 996 $6020$a978-88-315-3970-8$9(OLS)http://semarc/number/194460 996 $6245$aAssociazioni e movimenti ecclesiali :$bformazione, catechesi e dinamiche educative$9(OLS)http://semarc/title/291927 996 $6260$aMilano :$bPaoline$9(OLS)http://semarc/publisher/29684